000 01056nam a2200325 i 4500
001 38585
003 CO-BoRNBP
005 20250813163940.0
007 ta
008 241125s2021 ck a|||| |||| 00| 0 spa d
040 _aCO-BoRNBP
_bspa
_cCO-BoRNBP
_erda
041 _aspa
043 _as-ck---
082 _a293.1308 G17t
_bG17t
_2Primera edición
084 _aC GAR19
100 1 _aGarcía Esperón, María
_eautor
245 1 _aThor y otros héroes Vikingos/
_cMaría García Esperón; ilustración, Alex Herrerías
250 _aPrimera edición
264 4 _aBogotá, Colombia.
_bAvión de papel S.A.S.
_c©2021
300 _a96 páginas,
_bilustraciones a color,
_c23 cm.
336 _2rdacontent
_atexto
_btxt
337 _2rdamedia
_asin mediación
_bn
338 _2rdacarrier
_avolumen
_bnc
650 _2LEMB
_aLiteratura infantil
_92746
650 _2LEMB
_aCuento infantil
_916411
650 _2LEMB
_ahazañas
_944134
700 _aSamuel Garcés
_eDiagramación
_944135
700 _aKamila Bonilla
_eEdición
_944136
942 _2ddc
_cBKINF
999 _c38585
_d38585